[Event "Championnat de France des Jeunes - Pupi"]
[Site "LA ROCHE SUR YON"]
[Date "2008.04.25"]
[Round "7.11"]
[White "Mouzayek, Sarah"]
[Black "Vignette, Jeanne"]
[Result "0-1"]
[WhiteElo "1270"]
[BlackElo "1540"]
[Annotator "Salaun,Michel"]
[PlyCount "140"]
[EventDate "2008.04.24"]
[EventType "swiss"]
[EventRounds "6"]
[EventCountry "FRA"]

1. d4 d5 2. Nf3 Nf6 3. Bg5 h6 4. Bh4 Bf5 5. e3 e6 6. c4 c5 7. Nc3 Nc6 8. a3 Be7
9. Be2 O-O 10. O-O Ne4 11. Bxe7 Qxe7 12. cxd5 Nxc3 13. bxc3 exd5 14. Bd3 Bg4
15. Rb1 c4 16. Bc2 Qxa3 17. Rxb7 Qxc3 18. Ba4 Nb4 19. Qd2 Qxd2 20. Nxd2 Nd3 21.
f3 Be6 22. Ra1 Rfc8 23. Bc2 c3 24. Nb3 Rab8 25. Raxa7 Rxb7 26. Rxb7 Ne1 27. Na1
Nxc2 28. Nxc2 Bf5 29. e4 dxe4 30. Rb5 Bd7 31. Rc5 Rxc5 32. dxc5 exf3 33. gxf3
Ba4 34. Nb4 c2 35. Nxc2 Bxc2 36. c6 Bf5 37. Kf2 Kf8 38. Ke3 Ke7 39. Kf4 Bc2 40.
Ke5 f6+ 41. Kd5 Bd1 42. f4 Bg4 43. h4 Kf7 44. Kd6 Kg6 45. c7 Kh5 46. Kd5 Kxh4
47. Ke4 Kg3 48. f5 Bf3+ 49. Kd4 Bb7 50. Kc5 Bc8 51. Kd5 Bxf5 52. Kd6 h5 53. Ke7
h4 54. Kf7 h3 55. Kxg7 h2 56. Kxf6 h1=Q 57. Kxf5 Qd5+ 58. Kg6 Qc6+ 59. Kf5 Qxc7
60. Ke6 Qc5 61. Kf6 Kf4 62. Ke6 Qe5+ 63. Kd7 Qf6 64. Kc7 Ke5 65. Kb7 Kd5 66.
Ka7 Kc5 67. Kb7 Qb6+ 68. Kc8 Qa7 69. Kd8 Kd6 70. Ke8 Qe7# 0-1

[Event "Championnat de France des Jeunes - Pupi"]
[Site "LA ROCHE SUR YON"]
[Date "2008.04.25"]
[Round "7.15"]
[White "Gaguech, Elisa"]
[Black "Gailliegue, Nina"]
[Result "1/2-1/2"]
[WhiteElo "1490"]
[BlackElo "1400"]
[Annotator "Salaun,Michel"]
[PlyCount "121"]
[EventDate "2008.04.24"]
[EventType "swiss"]
[EventRounds "6"]
[EventCountry "FRA"]

1. e4 e5 2. Nf3 Nc6 3. d4 exd4 4. Nxd4 Bc5 5. Be3 Qf6 6. c3 Nge7 7. g3 d5 8.
Bg2 Nxd4 9. e5 Qb6 10. Bxd4 Bxd4 11. cxd4 Qxb2 12. Nd2 Qxd4 13. O-O O-O 14. Re1
Ng6 15. Nf3 Qxd1 16. Raxd1 Be6 17. Nd4 a6 18. Nb3 Rfd8 19. Na5 Rab8 20. Rb1 Bc8
21. Nc6 Bf5 22. Nxb8 Bxb1 23. Nxa6 bxa6 24. Rxb1 Nxe5 25. Rd1 d4 26. f4 Ng4 27.
Bf3 Ne3 28. Rc1 Rd7 29. Kf2 Kf8 30. f5 Ke7 31. g4 g6 32. h3 gxf5 33. gxf5 Nxf5
34. Bg4 Kf6 35. Rc5 Nd6 36. Ke2 Re7+ 37. Kd3 Nb5 38. a4 Re3+ 39. Kd2 Nd6 40.
Rxc7 Ne4+ 41. Kc2 d3+ 42. Kc1 Re1+ 43. Kb2 d2 44. Rd7 Nf2 45. Rxd2 Nxg4 46.
hxg4 Re6 47. Rd5 Ke7 48. Kc3 Re4 49. Ra5 Rxg4 50. Rxa6 h5 51. a5 h4 52. Rh6 Ra4
53. a6 Kd7 54. Kb3 Ra1 55. Rh7 Ke7 56. Rxh4 Rxa6 57. Rh7 Rc6 58. Kb4 Ke6 59.
Rh8 Rc7 60. Re8+ Re7 61. Rc8 1/2-1/2

[Event "Championnat de France des Jeunes - Pupi"]
[Site "LA ROCHE SUR YON"]
[Date "2008.04.25"]
[Round "7.14"]
[White "Desarnaud, Manon"]
[Black "Sonet, Kelly"]
[Result "1/2-1/2"]
[WhiteElo "1490"]
[BlackElo "1430"]
[Annotator "Salaun,Michel"]
[PlyCount "61"]
[EventDate "2008.04.24"]
[EventType "swiss"]
[EventRounds "6"]
[EventCountry "FRA"]

1. c4 Nf6 2. Nc3 e6 3. e3 c5 4. d4 Nc6 5. Nf3 d5 6. Bd3 Bd6 7. O-O O-O 8. b3
Nb4 9. Bb1 cxd4 10. exd4 Re8 11. a3 Nc6 12. Qc2 Bc7 13. Bg5 g6 14. cxd5 exd5
15. Bxf6 Qxf6 16. Nxd5 Qd6 17. Qc5 Be6 18. Qxd6 Bxd6 19. Nf6+ Kg7 20. Nxe8+
Rxe8 21. Rd1 Bxb3 22. Re1 Rxe1+ 23. Nxe1 Nxd4 24. g3 Ne2+ 25. Kf1 Be5 26. Nc2
Bxc2 27. Bxc2 Bxa1 28. Kxe2 a5 29. a4 Kf6 30. Kd3 b6 31. Ke4 1/2-1/2

[Event "Championnat de France des Jeunes - Pupi"]
[Site "LA ROCHE SUR YON"]
[Date "2008.04.25"]
[Round "7.12"]
[White "Venet, Clemence"]
[Black "Nolot, Clementine"]
[Result "0-1"]
[WhiteElo "1420"]
[BlackElo "1590"]
[Annotator "Salaun,Michel"]
[PlyCount "60"]
[EventDate "2008.04.24"]
[EventType "swiss"]
[EventRounds "6"]
[EventCountry "FRA"]

1. e4 e5 2. Nf3 Nc6 3. Bc4 Bc5 4. Nc3 Nf6 5. d3 d6 6. Bg5 h6 7. Bxf6 Qxf6 8.
Nd5 Qd8 9. O-O Bg4 10. h3 Bh5 11. c3 O-O 12. g4 Bg6 13. d4 Bb6 14. Re1 Re8 15.
Nxb6 axb6 16. dxe5 dxe5 17. Qxd8 Raxd8 18. Nh4 Bh7 19. f3 Na5 20. Bb3 Rd2 21.
Rab1 Nxb3 22. axb3 Red8 23. Kf1 Rh2 24. Ng2 Rd2 25. Re2 Rh1+ 26. Kf2 Rxe2+ 27.
Kxe2 Rxb1 28. Ne3 Rxb2+ 29. Kd3 b5 30. b4 c6 0-1

[Event "Championnat de France des Jeunes - Pupi"]
[Site "LA ROCHE SUR YON"]
[Date "2008.04.26"]
[Round "8.12"]
[White "Langlais, Victoire"]
[Black "Bertrand, Meryl"]
[Result "1/2-1/2"]
[WhiteElo "1450"]
[BlackElo "1610"]
[Annotator "Salaun,Michel"]
[PlyCount "58"]
[EventDate "2008.04.24"]
[EventType "swiss"]
[EventRounds "6"]
[EventCountry "FRA"]

1. e4 e5 2. Nf3 Nc6 3. Bc4 Bc5 4. Nc3 Nf6 5. d3 d6 6. h3 h6 7. Qe2 Be6 8. Bxe6
fxe6 9. Bd2 Qd7 10. a3 a6 11. O-O Ne7 12. Be3 Bxe3 13. fxe3 Ng6 14. Rad1 d5 15.
exd5 exd5 16. d4 O-O-O 17. Nxe5 Nxe5 18. dxe5 Nh7 19. Qf3 Rhf8 20. Qxd5 Rxf1+
21. Kxf1 Qf5+ 22. Qf3 Rxd1+ 23. Nxd1 Qxe5 24. Qg4+ Kb8 25. Qf4 Qb5+ 26. c4 Qb3
27. Qd4 Nf8 28. Ke1 Ne6 29. Qd5 Qb6 1/2-1/2

[Event "Championnat de France des Jeunes - Pupi"]
[Site "LA ROCHE SUR YON"]
[Date "2008.04.26"]
[Round "8.11"]
[White "Savalle, Mathilde"]
[Black "Loiselet, Astrid"]
[Result "1-0"]
[WhiteElo "1620"]
[BlackElo "1410"]
[Annotator "Salaun,Michel"]
[PlyCount "37"]
[EventDate "2008.04.24"]
[EventType "swiss"]
[EventRounds "6"]
[EventCountry "FRA"]

1. e4 e5 2. Nf3 Nc6 3. d4 Nf6 4. Nc3 d5 5. dxe5 dxe4 6. exf6 exf3 7. fxg7 Bxg7
8. Qxf3 Bd7 9. Bf4 Qe7+ 10. Be2 O-O-O 11. O-O Nd4 12. Qd3 Nxe2+ 13. Nxe2 Bxb2
14. Rab1 Bg7 15. Qb3 Bc6 16. Rfe1 Qd7 17. c4 Rhg8 18. Ng3 Ba4 19. Qxb7# 1-0

[Event "Championnat de France des Jeunes - Pupi"]
[Site "LA ROCHE SUR YON"]
[Date "2008.04.25"]
[Round "7.13"]
[White "Canterel, Cecile"]
[Black "Quossi, Anais"]
[Result "1/2-1/2"]
[WhiteElo "1580"]
[BlackElo "1410"]
[Annotator "Salaun,Michel"]
[PlyCount "26"]
[EventDate "2008.04.24"]
[EventType "swiss"]
[EventRounds "6"]
[EventCountry "FRA"]

1. c4 e5 2. Nc3 Nc6 3. g3 g6 4. Bg2 Bg7 5. e3 d6 6. Nge2 Nge7 7. d4 Bf5 8. a3
O-O 9. h3 Qe8 10. O-O Rd8 11. Re1 Na5 12. b3 c6 13. Bd2 b6 1/2-1/2

[Event "Championnat de France des Jeunes - Pupi"]
[Site "LA ROCHE SUR YON"]
[Date "2008.04.26"]
[Round "8.15"]
[White "Legrand, Claire"]
[Black "Laric, Emilie"]
[Result "1-0"]
[WhiteElo "1530"]
[BlackElo "1410"]
[Annotator "Salaun,Michel"]
[PlyCount "165"]
[EventDate "2008.04.24"]
[EventType "swiss"]
[EventRounds "6"]
[EventCountry "FRA"]

1. e4 e5 2. Nc3 Nf6 3. Bc4 Nxe4 4. Nxe4 d5 5. Bd3 dxe4 6. Bxe4 Bc5 7. Nf3 O-O
8. O-O f5 9. Bd3 e4 10. Bc4+ Kh8 11. Ne5 Qf6 12. Nf7+ Rxf7 13. Bxf7 Qxf7 14. d3
Nc6 15. c3 exd3 16. Qxd3 Be6 17. b3 Rd8 18. Qe2 Bd5 19. Kh1 f4 20. f3 Re8 21.
Qb5 Bb6 22. Bxf4 a6 23. Qd3 Rd8 24. c4 Qxf4 25. cxd5 Nb4 26. Qe2 Nxd5 27. Rad1
c6 28. Qd3 Qe3 29. Qxe3 Nxe3 30. Rxd8+ Bxd8 31. Re1 Bb6 32. Re2 h6 33. Rd2 g5
34. Rd7 Nd5 35. Rxb7 Kg8 36. a4 h5 37. b4 Be3 38. b5 cxb5 39. axb5 a5 40. Rb8+
Kf7 41. Ra8 Bb6 42. Rh8 h4 43. Rh7+ Kg6 44. Rd7 Nf6 45. Rd6 Bc7 46. Rc6 Bb8 47.
b6 Kf7 48. Rc7+ Ke6 49. Rc6+ Ke7 50. Rc5 Nd7 51. Rxa5 Nxb6 52. Rxg5 Kf6 53. Rb5
Bc7 54. Rc5 Na8 55. Rh5 Kg6 56. Rxh4 Nb6 57. f4 Nd5 58. g3 Bd8 59. Rh8 Bf6 60.
Ra8 Ne3 61. Ra3 Ng4 62. h3 Nf2+ 63. Kg2 Bd4 64. Ra6+ Kf5 65. Ra2 Ne4 66. Ra5+
Nc5 67. Kf3 Kg6 68. g4 Nd3 69. Rd5 Ne1+ 70. Ke2 Nc2 71. Kd2 Be3+ 72. Kxc2 Bxf4
73. Kd3 Bg3 74. Ke3 Bh4 75. Rd6+ Kg7 76. Ke4 Kf7 77. Kf5 Be7 78. Rd7 Kf8 79.
Rxe7 Kxe7 80. Kg6 Ke6 81. g5 Ke7 82. Kg7 Ke6 83. g6 1-0

[Event "Championnat de France des Jeunes - Pupi"]
[Site "LA ROCHE SUR YON"]
[Date "2008.04.26"]
[Round "8.13"]
[White "Gailliegue, Nina"]
[Black "Canterel, Cecile"]
[Result "0-1"]
[WhiteElo "1400"]
[BlackElo "1580"]
[Annotator "Salaun,Michel"]
[PlyCount "146"]
[EventDate "2008.04.24"]
[EventType "swiss"]
[EventRounds "6"]
[EventCountry "FRA"]

1. c4 e5 2. Nc3 Nc6 3. g3 g6 4. Bg2 Bg7 5. Nf3 d6 6. O-O Nf6 7. e3 h6 8. d4 O-O
9. b3 Bf5 10. Bb2 Qd7 11. Re1 Bh3 12. dxe5 Bxg2 13. exf6 Bxf3 14. Qxf3 Ne5 15.
Qg2 Bxf6 16. Nd5 Bg7 17. Rad1 Nc6 18. Nf6+ Bxf6 19. Bxf6 Qe6 20. Bd4 Rfe8 21.
Bc3 Rab8 22. f4 Kh7 23. g4 Rg8 24. h3 h5 25. Qe2 Rbe8 26. Kf1 f6 27. Qf3 Kh6
28. Rd5 f5 29. g5+ Kh7 30. Rb5 Rb8 31. e4 fxe4 32. Rxe4 Qf7 33. Rd5 Rge8 34.
Rxe8 Rxe8 35. Rb5 Rb8 36. f5 a6 37. fxg6+ Kxg6 38. Qxf7+ Kxf7 39. Rd5 Kg6 40.
h4 Rf8+ 41. Kg2 Ne7 42. Rd3 Nf5 43. Kh3 Re8 44. Bf6 Re4 45. Bd8 Rxh4+ 46. Kg2
c6 47. Rh3 Rxh3 48. Kxh3 Ng7 49. Kh4 Ne6 50. Be7 d5 51. cxd5 cxd5 52. Bf6 d4
53. Kg3 Nxg5 54. Bxd4 Kf5 55. a4 b5 56. a5 Ne4+ 57. Kh4 Nd2 58. Kxh5 Nxb3 59.
Bc3 Ke6 60. Kg4 Kd5 61. Bb4 Kc4 62. Be1 b4 63. Kf5 Nxa5 64. Bxb4 Kxb4 65. Ke4
Nc4 66. Kd3 a5 67. Kc2 a4 68. Kb1 Nd2+ 69. Ka2 Nc4 70. Ka1 a3 71. Ka2 Ne3 72.
Ka1 Kb3 73. Kb1 a2+ 0-1

[Event "Championnat de France des Jeunes - Pupi"]
[Site "LA ROCHE SUR YON"]
[Date "2008.04.26"]
[Round "8.14"]
[White "Quossi, Anais"]
[Black "Nourani, Maral"]
[Result "1-0"]
[WhiteElo "1410"]
[BlackElo "1560"]
[Annotator "Salaun,Michel"]
[PlyCount "85"]
[EventDate "2008.04.24"]
[EventType "swiss"]
[EventRounds "6"]
[EventCountry "FRA"]

1. e4 c5 2. Nc3 Nc6 3. d3 e6 4. g3 d5 5. Bg2 d4 6. Nce2 e5 7. Nf3 Nf6 8. O-O
Be7 9. c3 Bg4 10. h3 Bxf3 11. Bxf3 O-O 12. Bg2 c4 13. cxd4 cxd3 14. Qxd3 Bc5
15. d5 Rc8 16. Kh1 Nh5 17. Qf3 Nd4 18. Qxh5 g6 19. Qxe5 f6 20. Qf4 Nxe2 21. Qh6
Qb6 22. Qd2 Nd4 23. f4 Bb4 24. Qd3 Nc2 25. Rb1 Ne1 26. Qe3 Qxe3 27. Bxe3 Nxg2
28. Kxg2 a6 29. a3 Be7 30. Rbc1 b5 31. Rxc8 Rxc8 32. Rc1 Rxc1 33. Bxc1 Bc5 34.
e5 fxe5 35. fxe5 Kf8 36. Kf3 Ke8 37. b4 Bb6 38. Ke4 Kd7 39. Be3 Bd8 40. Kd4
Bb6+ 41. Ke4 Bd8 42. h4 Be7 43. Bc5 1-0

[Event "Championnat de France des Jeunes - Pupi"]
[Site "LA ROCHE SUR YON"]
[Date "2008.04.27"]
[Round "9.11"]
[White "Quossi, Anais"]
[Black "Legrand, Claire"]
[Result "0-1"]
[WhiteElo "1410"]
[BlackElo "1530"]
[Annotator "Salaun,Michel"]
[PlyCount "142"]
[EventDate "2008.04.24"]
[EventType "swiss"]
[EventRounds "6"]
[EventCountry "FRA"]

1. e4 d5 2. exd5 Nf6 3. c4 c6 4. d4 cxd5 5. h3 Nc6 6. Nf3 Bf5 7. Bf4 e6 8. c5
Be7 9. Nc3 O-O 10. Be2 b6 11. cxb6 Qxb6 12. b3 Bb4 13. Rc1 Qa5 14. Bd2 Rac8 15.
O-O Ne7 16. Nb1 Rxc1 17. Qxc1 Bxb1 18. Bxb4 Qxb4 19. Qxb1 Nf5 20. Rd1 Ne4 21.
Qb2 Nc3 22. Rd3 Nxe2+ 23. Qxe2 Rc8 24. Qd2 Qxd2 25. Rxd2 Rc3 26. Ne5 Rc1+ 27.
Kh2 Re1 28. g4 Nxd4 29. Rxd4 Rxe5 30. Kg3 g6 31. a4 Re2 32. Rb4 Kg7 33. Rb7 a5
34. Rb5 Rb2 35. f4 Rc2 36. Kf3 Rc3+ 37. Kg2 d4 38. Rxa5 Rxb3 39. Rc5 Ra3 40.
Rc4 d3 41. Kf2 d2 42. Ke2 d1=Q+ 43. Kxd1 Rxh3 44. a5 Ra3 45. Rc5 Kf8 46. Kc2
Ke7 47. Kb2 Kd6 48. Rb5 Kc6 49. Re5 (49. Rb6+ Kc5 50. Kxa3) 49... Ra4 50. Kb3
Rxf4 51. g5 Rf5 52. Rxf5 exf5 53. Kb4 Kb7 54. Kb5 f4 55. a6+ Ka7 56. Ka5 f3 57.
Kb5 f2 58. Ka5 f1=Q 59. Kb4 Kxa6 60. Kc5 Qf4 61. Kd5 Qxg5+ 62. Ke4 Kb6 63. Kd4
Kc6 64. Ke4 Kd6 65. Kd4 Qg4+ 66. Ke3 Kd5 67. Kf2 Ke4 68. Kf1 Qf3+ 69. Ke1 Qg2
70. Kd1 Kd3 71. Kc1 Qc2# 0-1

[Event "Championnat de France des Jeunes - Pupi"]
[Site "LA ROCHE SUR YON"]
[Date "2008.04.27"]
[Round "9.12"]
[White "Le Guennec, Nolwen"]
[Black "Ponti-Simonis, Valentine"]
[Result "1-0"]
[WhiteElo "1510"]
[BlackElo "1330"]
[Annotator "Salaun,Michel"]
[PlyCount "107"]
[EventDate "2008.04.24"]
[EventType "swiss"]
[EventRounds "6"]
[EventCountry "FRA"]

1. e4 e5 2. Nf3 Nc6 3. d4 exd4 4. Nxd4 g6 5. c3 Bg7 6. Bb5 h6 7. O-O Nge7 8.
Be3 O-O 9. Qd2 Kh7 10. h3 d5 11. f3 Nxd4 12. cxd4 c6 13. Be2 b6 14. Rd1 Qc7 15.
Nc3 Be6 16. Rac1 c5 17. b3 dxe4 18. Nxe4 Qd7 19. dxc5 Qxd2 20. Rxd2 bxc5 21.
Bxc5 Rac8 22. Rdc2 Rfe8 23. Nd6 Rxc5 24. Nxe8 Re5 25. Nxg7 Kxg7 26. Kf2 Nf5 27.
Rd1 Ne3 28. Rdd2 Nxc2 29. Rxc2 Rd5 30. Bc4 Rc5 31. Ke3 Kf6 32. Kd3 Ke5 33. Bxe6
Rxc2 34. Kxc2 fxe6 35. g3 Kd4 36. Kd2 e5 37. a4 e4 38. fxe4 Kxe4 39. Kc3 Kd5
40. Kb4 Kc6 41. Ka5 Kb7 42. b4 g5 43. g4 Kb8 44. Ka6 Ka8 45. b5 Kb8 46. b6 axb6
47. Kxb6 Ka8 48. a5 Kb8 49. a6 Ka8 50. a7 h5 51. gxh5 g4 52. h6 g3 53. h7 g2
54. h8=Q# 1-0

[Event "Championnat de France des Jeunes - Pupi"]
[Site "LA ROCHE SUR YON"]
[Date "2008.04.27"]
[Round "9.13"]
[White "Bertrand, Meryl"]
[Black "Hild, Aurelia"]
[Result "0-1"]
[WhiteElo "1610"]
[BlackElo "1370"]
[Annotator "Salaun,Michel"]
[PlyCount "80"]
[EventDate "2008.04.24"]
[EventType "swiss"]
[EventRounds "6"]
[EventCountry "FRA"]

1. e4 e5 2. Nf3 Nc6 3. Bc4 Bc5 4. Nc3 d6 5. h3 Nf6 6. d3 h6 7. Be3 Bb6 8. Qd2
Be6 9. Bb3 Qd7 10. Nh4 Ne7 11. Bxb6 axb6 12. Ba4 c6 (12... Rxa4 13. Nxa4 Qxa4)
13. Nf3 b5 14. Bb3 Ng6 15. Ne2 Nh5 16. Bxe6 Qxe6 17. Ng3 Nhf4 18. Nf5 O-O 19.
Rg1 Rad8 20. d4 d5 21. O-O-O dxe4 22. N3h4 Qxa2 23. c3 Nxh4 (23... Nd3+ 24.
Qxd3 (24. Kc2 Qxb2#) 24... exd3) 24. Ne7+ Kh8 25. Kc2 Qa4+ 26. Kb1 Ra8 27. Qe3
Nd3 28. Rxd3 exd3 29. Qxd3 Qa1+ 30. Kc2 Qxg1 31. Qg3 Ng6 32. Nf5 Ra1 33. Ne3
Qc1+ 34. Kd3 Qxb2 35. h4 b4 36. h5 Qxc3+ 37. Ke2 Ra2+ 38. Kf3 e4+ 39. Kg4 Ne7
40. Kh3 f5 0-1

[Event "Championnat de France des Jeunes - Pupi"]
[Site "LA ROCHE SUR YON"]
[Date "2008.04.27"]
[Round "9.15"]
[White "Finkel, Anne-Sophie"]
[Black "Langlais, Victoire"]
[Result "1-0"]
[WhiteElo "1280"]
[BlackElo "1450"]
[Annotator "Salaun,Michel"]
[PlyCount "123"]
[EventDate "2008.04.24"]
[EventType "swiss"]
[EventRounds "6"]
[EventCountry "FRA"]

1. e4 c5 2. Nc3 Nc6 3. f4 d6 4. Bb5 Bd7 5. Nf3 e6 6. d3 Nf6 7. Be3 Be7 8. O-O
O-O 9. Qe1 a6 10. Bxc6 Bxc6 11. Qg3 Nh5 12. Qg4 g6 13. f5 exf5 14. exf5 Bd7 15.
Ng5 Ng7 16. Qh4 h5 17. g4 Bxg5 18. Bxg5 f6 19. Bh6 Kh7 20. Bxg7 Kxg7 21. gxh5
gxh5 22. Qxh5 Rg8 23. Rf3 Kf8+ 24. Rg3 Rxg3+ 25. hxg3 Bc6 26. Qh8+ Kf7 27. Qh5+
Ke7 28. Re1+ Kd7 29. Qf7+ Kc8 30. Nd5 Bxd5 31. Qxd5 Kc7 32. g4 Qd7 33. Qe6 Rf8
34. Qe7 Qxe7 35. Rxe7+ Kb6 36. Kf2 Kc6 37. c4 b5 38. b3 bxc4 39. dxc4 a5 40.
Ke3 a4 41. Ke4 axb3 42. axb3 Kb6 43. Kd5 Rg8 44. Kxd6 Rxg4 45. Re6 Rd4+ 46.
Ke7+ Ka5 47. Rc6 Kb4 48. Kxf6 Rh4 49. Ke5 Rh3 50. Kd5 Rh5 51. Rb6+ Kc3 52. Kxc5
Rxf5+ 53. Kc6 Rf6+ 54. Kb5 Rxb6+ 55. Kxb6 Kd4 56. Kc6 Ke5 57. c5 Ke6 58. Kb7
Kd5 59. c6 Kc5 60. c7 Kb4 61. c8=Q Kxb3 62. Qc5 1-0

[Event "Championnat de France des Jeunes - Pupi"]
[Site "LA ROCHE SUR YON"]
[Date "2008.04.27"]
[Round "9.14"]
[White "Khan, Arooj"]
[Black "Houzelot, Alice"]
[Result "0-1"]
[WhiteElo "1400"]
[BlackElo "1480"]
[Annotator "Salaun,Michel"]
[PlyCount "104"]
[EventDate "2008.04.24"]
[EventType "swiss"]
[EventRounds "6"]
[EventCountry "FRA"]

1. e4 e5 2. Nf3 d6 3. Nc3 g6 4. Bc4 Bg7 5. Ng5 Qxg5 6. Qf3 Qe7 7. Nd5 Qd7 8. d3
c6 9. Nc3 Nf6 10. Bg5 Qd8 11. O-O O-O 12. Qe3 Re8 13. h3 Be6 14. Bb3 Nbd7 15.
Bh6 Qb6 16. Bxg7 Kxg7 17. Na4 Qxe3 18. fxe3 d5 19. Nc3 dxe4 20. dxe4 Nc5 21.
Rad1 Ncxe4 22. Nxe4 Nxe4 23. Bxe6 Rxe6 24. Rd7 Nd6 25. Rd1 Nc4 26. Rf1 Rf6 27.
Rxf6 Kxf6 28. Rxb7 Nxe3 29. Rc7 Kg7 30. Rxc6 e4 31. Kf2 Nd1+ 32. Ke2 Nxb2 33.
Ke3 f5 34. Rc7+ Kf6 35. Rxh7 Ke5 36. Re7+ Kf6 37. Rd7 g5 38. Rd6+ Ke5 39. Rg6
f4+ 40. Ke2 Kf5 41. Rc6 Re8 42. Rc5+ Re5 43. Rc3 Rd5 44. Rb3 Nd1 45. c4 Rd4 46.
Rb5+ Kf6 47. c5 Nc3+ 48. Kf2 Nxb5 49. g3 Rd2+ 50. Ke1 Rxa2 51. c6 fxg3 52. Kf1
e3 0-1

[Event "Championnat de France des Jeunes - Benj"]
[Site "LA ROCHE SUR YON"]
[Date "2008.04.26"]
[Round "8.14"]
[White "Costa, Elodie"]
[Black "Finkel, Julie"]
[Result "0-1"]
[WhiteElo "1480"]
[BlackElo "1510"]
[Annotator "Salaun,Michel"]
[PlyCount "80"]
[EventDate "2008.04.23"]
[EventType "swiss"]
[EventRounds "5"]
[EventCountry "FRA"]

1. e4 g6 2. d4 Bg7 3. Nf3 d6 4. Nc3 a6 5. Bc4 b5 6. Bb3 h6 7. Be3 Nd7 8. Qd2
Bb7 9. d5 c5 10. dxc6 Bxc6 11. Bd5 Qc7 12. O-O Rc8 13. Bd4 e5 14. Be3 Ngf6 15.
a3 Bxd5 16. Nxd5 Nxd5 17. Qxd5 Nf6 18. Qd3 O-O 19. Rac1 Rfd8 20. Nd2 Ng4 21. h3
Nxe3 22. Qxe3 Qc5 23. Qf3 Qd4 24. Qd3 Qxb2 25. Nb1 h5 26. c4 Qd4 27. Qxd4 exd4
28. Nd2 Bh6 29. Rfd1 Re8 30. f3 Re5 31. Rc2 Rec5 32. Nb3 Rxc4 33. Rxc4 Rxc4 34.
Nxd4 Be3+ 35. Kh1 Bxd4 36. Rd3 Rc1+ 37. Kh2 Be5+ 38. g3 Rc2+ 39. Kg1 Bxg3 40.
Rd1 Rh2 0-1

[Event "Championnat de France des Jeunes - Benj"]
[Site "LA ROCHE SUR YON"]
[Date "2008.04.26"]
[Round "8.12"]
[White "Le Marec, Laura"]
[Black "Guyon, Solene"]
[Result "1/2-1/2"]
[WhiteElo "1520"]
[BlackElo "1490"]
[Annotator "Salaun,Michel"]
[PlyCount "77"]
[EventDate "2008.04.23"]
[EventType "swiss"]
[EventRounds "5"]
[EventCountry "FRA"]

1. Nf3 d5 2. d4 Nf6 3. Bf4 Bf5 4. c4 dxc4 5. Qa4+ Nc6 6. Qxc4 Qd5 7. e3 O-O-O
8. Nc3 Qxc4 9. Bxc4 e6 10. Ng5 Rd7 11. Bb5 Nd5 12. Nxd5 exd5 13. O-O f6 14. Nf3
Bd6 15. Bxc6 bxc6 16. Rac1 Bxf4 17. exf4 Rd6 18. Rc5 Re8 19. Nh4 Bd3 20. Rd1
Re4 21. g3 Be2 22. Re1 Bg4 23. Rxe4 dxe4 24. Rc4 g5 25. Ng2 gxf4 26. Nxf4 Bf3
27. Ra4 c5 28. d5 Kb7 29. Rc4 Kb6 30. h4 e3 31. fxe3 Bxd5 32. Nxd5+ Rxd5 33.
Rc2 Rd3 34. Rf2 Rd6 35. e4 Kc6 36. Rc2 Rd4 37. Re2 Kd6 38. Kf2 Ke5 39. Kf3
1/2-1/2

[Event "Championnat de France des Jeunes - Benj"]
[Site "LA ROCHE SUR YON"]
[Date "2008.04.26"]
[Round "8.13"]
[White "Ranc, Candice"]
[Black "Verwaerde, Jolanthe"]
[Result "1-0"]
[WhiteElo "1490"]
[BlackElo "1520"]
[Annotator "Salaun,Michel"]
[PlyCount "73"]
[EventDate "2008.04.23"]
[EventType "swiss"]
[EventRounds "5"]
[EventCountry "FRA"]

1. e4 d5 2. exd5 Qxd5 3. Nc3 Qd6 4. d4 Nf6 5. Nf3 a6 6. g3 Bf5 7. Bg2 Nc6 8.
Bf4 Qd7 9. Qd2 e6 10. Ne5 Nxe5 11. Bxe5 Nd5 12. Nxd5 exd5 13. O-O f6 14. Bf4
O-O-O 15. b3 g5 16. Be3 Bh3 17. c4 dxc4 18. bxc4 Bxg2 19. Kxg2 Qc6+ 20. d5 Qxc4
21. Rfd1 Qe4+ 22. Kg1 h5 23. Rac1 Bd6 24. Qc3 Be5 25. Qc4 Qf3 26. d6 Bxd6 27.
Rxd6 c6 28. Qe6+ Kb8 29. Qxf6 Qxf6 30. Rxf6 g4 31. h4 Rd7 32. Kf1 Re8 33. Rh6
Rd5 34. Bg5 Ra5 35. Rc2 c5 36. Rxh5 c4 37. Bf4+ 1-0

[Event "Championnat de France des Jeunes - Benj"]
[Site "LA ROCHE SUR YON"]
[Date "2008.04.27"]
[Round "9.12"]
[White "Roger, Juliette"]
[Black "Eggenspieler, Jennifer"]
[Result "1/2-1/2"]
[WhiteElo "1460"]
[BlackElo "1590"]
[Annotator "Salaun,Michel"]
[PlyCount "117"]
[EventDate "2008.04.23"]
[EventType "swiss"]
[EventRounds "5"]
[EventCountry "FRA"]

1. e4 e5 2. Qh5 Nc6 3. Bc4 Qf6 4. Nc3 Bc5 5. Qf3 Bb6 6. Nd5 Qxf3 7. Nxf3 d6 8.
Nxb6 axb6 9. h3 Nge7 10. c3 O-O 11. O-O Ng6 12. d4 exd4 13. cxd4 Ra5 14. Bd2
Ra8 15. a3 h6 16. Rac1 Kh8 17. Bb5 Bd7 18. d5 Nce5 19. Bxd7 Nxd7 20. Rxc7 Nc5
21. Re1 Rae8 22. Bb4 Nd3 23. Re2 Nxb4 24. axb4 Ne7 25. Rxb7 Nxd5 26. Rd2 Nxb4
27. Rxb6 Rxe4 28. Rdxd6 Nc2 29. Rd7 Ne1 30. Nxe1 Rxe1+ 31. Kh2 Rf1 32. Kg3 Kh7
33. b4 Rb1 34. b5 f6 35. Rbb7 Rg8 36. Rd6 Rc8 37. Rxf6 Rxb5 38. Rxh6+ Kxh6 39.
Rxb5 Rc3+ 40. Kg4 Rc2 41. Rf5 Kg6 42. g3 Kh6 43. f4 Rc3 44. Kh4 Kg6 45. g4 Rf3
46. Rg5+ Kh6 47. f5 Rxh3+ 48. Kxh3 Kxg5 49. Kg3 g6 50. fxg6 Kxg6 51. Kf4 Kf6
52. g5+ Kg6 53. Kg4 Kg7 54. Kf5 Kf7 55. g6+ Kg7 56. Kg5 Kg8 57. Kh6 Kh8 58. g7+
Kg8 59. Kg6 1/2-1/2

[Event "Championnat de France des Jeunes - Benj"]
[Site "LA ROCHE SUR YON"]
[Date "2008.04.27"]
[Round "9.15"]
[White "Henry, Laura"]
[Black "Amosse, Blandine"]
[Result "1-0"]
[WhiteElo "1667"]
[BlackElo "1420"]
[Annotator "Salaun,Michel"]
[PlyCount "113"]
[EventDate "2008.04.23"]
[EventType "swiss"]
[EventRounds "5"]
[EventCountry "FRA"]

1. e4 e5 2. Nf3 d6 3. c3 Nf6 4. d3 Nbd7 5. Be2 Be7 6. O-O O-O 7. Nbd2 c6 8. Re1
Qc7 9. Nf1 d5 10. Ng3 b6 11. Bf1 Bd6 12. b3 Bb7 13. Bb2 Rfe8 14. Nf5 g6 15.
Nh6+ Kg7 16. Qd2 Nh5 17. Ng5 Nf4 18. Nhxf7 h6 19. Nxd6 Qxd6 20. Nf3 Qe6 21. d4
Qg4 22. Nxe5 Nxe5 23. dxe5 dxe4 24. Qe3 Kh7 25. Qg3 Qxg3 26. fxg3 Nd3 27. Bxd3
exd3 28. Rad1 Rad8 29. c4 b5 30. Rf1 Kg8 31. Rf6 bxc4 32. Rxg6+ Kh7 33. Rf6 Rf8
34. bxc4 Rxf6 35. exf6 d2 36. Bc3 c5 37. Kf2 Kg6 38. g4 Bc8 39. h3 Be6 40. Rxd2
Rxd2+ 41. Bxd2 Bxc4 42. a3 Be6 43. Kg3 c4 44. h4 Kxf6 45. Bxh6 c3 46. Bc1 c2
47. h5 Bf7 48. Kf4 a5 49. g5+ Kg7 50. g4 a4 51. Kf5 Bg6+ 52. Ke5 Bh7 53. Ke6
Kf8 54. Kf6 Kg8 55. g6 Bxg6 56. Kxg6 Kh8 57. h6 1-0

[Event "Championnat de France des Jeunes - Benj"]
[Site "LA ROCHE SUR YON"]
[Date "2008.04.27"]
[Round "9.11"]
[White "Finkel, Julie"]
[Black "Ranc, Candice"]
[Result "1/2-1/2"]
[WhiteElo "1510"]
[BlackElo "1490"]
[Annotator "Salaun,Michel"]
[PlyCount "91"]
[EventDate "2008.04.23"]
[EventType "swiss"]
[EventRounds "5"]
[EventCountry "FRA"]

1. e4 e5 2. Nf3 Nc6 3. Bc4 Nf6 4. d3 h6 5. O-O Bc5 6. c3 d6 7. Re1 O-O 8. d4
Bb6 9. d5 Ne7 10. h3 c6 11. Qd3 cxd5 12. exd5 e4 13. Qe2 exf3 14. Qxe7 Qxe7 15.
Rxe7 fxg2 16. Kxg2 Bd7 17. Bf4 Bc7 18. Nd2 Rfe8 19. Rae1 Rxe7 20. Rxe7 Kf8 21.
Re1 Re8 22. Rxe8+ Kxe8 23. Nb3 b5 24. Bd3 Nxd5 25. Bd2 Bb6 26. Nd4 b4 27. Nf5
Bxf5 28. Bxf5 bxc3 29. Bxc3 Nxc3 30. bxc3 Ke7 31. f3 Kf6 32. Be4 Ke5 33. Kg3 f6
34. Kg4 d5 35. Bd3 Be3 36. c4 d4 37. c5 Kd5 38. Kf5 Kxc5 39. Kg6 Bg5 40. Kxg7
h5 41. f4 Bxf4 42. Kxf6 h4 43. Kf5 Bg3 44. Kg4 a5 45. a3 Kd5 46. Kf3 1/2-1/2